000 00905cam a22002054a 4500
005 20250605164214.0
008 250528s ||||||||||||||||||||||||d
035 _a20389
020 _a415050200
040 _aGR-AtMCL
_bgre
_dGR-AtMCL
_eAACR2
245 1 _aMedia Policy and Music Axtivity
260 _bRouledge,
_c1992
300 _a274
520 _aThis book brings the gap between the production and distribution of cultural Industries and Broader Areas of International Communication. Preface, The Music Industry and Music Media - An Introduction, Concepts and Postulates and Constraints and Methods, Case Study: Jamaica, Case Study: Trinidad, Case Study: Kenya, Case Study: Tanzania, Case Study: Cymru and Wales, Case Study: Sweden, Conclusions, References, Index.
700 1 _aMalm Krister
_96370
700 1 _aWallis Roger
_96371
942 _cBK
999 _c5503
_d5503